|
|
|
|
| LEADER |
01095nam a2200277 a 4500 |
| 001 |
16371802 |
| 008 |
130725s2011 enka b 001 0 eng d |
| 010 |
|
|
|a 2010031761
|
| 020 |
|
|
|a 9780521898355 (hardback)
|
| 020 |
|
|
|a 9780521727020 (pbk.)
|
| 082 |
0 |
0 |
|a 304.8095
|2 22
|
| 100 |
1 |
|
|a Amrith, Sunil S.,
|d 1979-
|
| 245 |
1 |
0 |
|a Migration and diaspora in modern Asia /
|c Sunil S. Amrith.
|
| 260 |
|
|
|a Cambridge ;
|a New York :
|b Cambridge Uniersity Press,
|c 2011.
|
| 300 |
|
|
|a xviii, 216 p. :
|b ill., maps ;
|c 24 cm.
|
| 490 |
0 |
|
|a New approaches to Asian history
|
| 504 |
|
|
|a Includes bibliographical references and index.
|
| 541 |
|
|
|e 00027270
|
| 651 |
|
0 |
|a Asia
|x Emigration and immigration
|x History.
|
| 650 |
|
0 |
|a Asian diaspora.
|
| 650 |
|
0 |
|a Asians
|x Migrations.
|
| 650 |
|
0 |
|a Immigrants
|z Asia
|x History.
|
| 650 |
|
0 |
|a Refugees
|z Asia
|x History.
|
| 852 |
1 |
|
|a Ayesha Abed Library
|j General shelf.
|
| 999 |
|
|
|c 13739
|d 13739
|
| 952 |
|
|
|0 0
|1 0
|4 0
|6 304_809500000000000_AMR
|7 0
|9 22986
|a IGS
|b IGS
|c GEN
|d 2013-07-27
|e Paragon Enterprises
|g 1070.00
|l 0
|o 304.8095 AMR
|p 3010027270
|r 2013-07-27
|t 1
|w 0000-00-00
|y BK
|x Available
|